[Event "EuCl Cup Prelim"]
[Site "?"]
[Date "1996.??.??"]
[Round "?"]
[White "Kruppa, Y."]
[Black "Maiwald, JU."]
[Result "1/2-1/2"]
[WhiteElo "2560"]
[BlackElo "2490"]
[PlyCount "136"]
[EventDate "1996.??.??"]
[Source "www.chesslib.no"]
[SourceDate "2004.05.04"]

1. d4 Nf6 2. c4 d6 3. Nc3 Nbd7 4. e4 e5 5. Nge2 c6 6. g3 a6 7. Bg2 b5 8. cxb5 axb5 9. b4 Bb7 10. O-O Be7 11. Qc2 O-O 12. Rd1 Qb8 13. h3 Nb6 14. g4 Re8 15. Ng3 exd4 16. Rxd4 g6 17. Bg5 Nc4 18. a4 Ne5 19. Rdd1 bxa4 20. Nxa4 Ba6 21. Qd2 Bb5 22. Nc3 Rxa1 23. Rxa1 Nc4 24. Qc1 Ne5 25. Nxb5 cxb5 26. Ra6 Rc8 27. Qa1 Bd8 28. Ne2 Nfd7 29. Bxd8 Rxd8 30. Nd4 Re8 31. Qa5 Qc8 32. Qa1 Qc4 33. Rxd6 Qxb4 34. Rd5 Rc8 35. Nxb5 Rc5 36. Rxc5 Qxc5 37. Nd4 Nd3 38. Bf1 Nf4 39. Qa8+ Kg7 40. Qa1 Kg8 41. Nf3 Qd6 42. Qc1 Nf8 43. e5 Qb4 44. Bc4 N8e6 45. Kh2 Qa5 46. Qc2 Kg7 47. Bb3 Qb5 48. Qd1 h6 49. Bxe6 Nxe6 50. Qd2 Qc4 51. Kg3 Qe4 52. Qe3 Qa4 53. Ng1 Qd1 54. Ne2 Qe1 55. Kh2 Qb4 56. f4 Qe1 57. Qf3 Qd2 58. Kg3 Nd4 59. Nxd4 Qxd4 60. Kg2 Qd2+ 61. Qf2 Qd5+ 62. Kg3 Qd3+ 63. Qf3 Qd4 64. h4 g5 65. fxg5 Qxe5+ 66. Qf4 Qe1+ 67. Kf3 Qf1+ 68. Ke4 Qc4+ 1/2-1/2

[Event "Jurmala"]
[Site "Jurmala"]
[Date "1985.??.??"]
[Round "6"]
[White "Utasi, Tamas"]
[Black "Tal, Mihail"]
[Result "1/2-1/2"]
[WhiteElo "2485"]
[BlackElo "2565"]
[PlyCount "33"]
[EventDate "1985.08.??"]
[Source "ChessBase"]

1. d4 Nf6 2. c4 d6 3. Nf3 Nbd7 4. Nc3 g6 5. Bg5 Bg7 6. e3 h6 7. Bh4 g5 8. Bg3 Nh5 9. Bd3 e6 10. Rc1 a6 11. b4 O-O 12. d5 exd5 13. cxd5 Qe7 14. O-O f5 15. Nd4 Nxg3 16. hxg3 Ne5 17. Bb1 1/2-1/2

[Event "TV"]
[Site "Great Britain TV"]
[Date "1979.??.??"]
[Round "?"]
[White "Forintos, Gyozo V"]
[Black "Larsen, Bent"]
[Result "0-1"]
[WhiteElo "2425"]
[BlackElo "2620"]
[PlyCount "110"]
[EventDate "1979.??.??"]
[Source "www.chesslib.no"]
[SourceDate "2004.05.04"]

1. d4 Nf6 2. c4 d6 3. Nc3 Nbd7 4. e4 e5 5. Nge2 Be7 6. g3 a6 7. Bg2 h5 8. h4 c6 9. d5 cxd5 10. Nxd5 Nxd5 11. cxd5 Nf6 12. a4 O-O 13. Nc3 Bd7 14. Bg5 Ng4 15. Bxe7 Qxe7 16. Qd2 Rac8 17. O-O Qd8 18. a5 b5 19. Na2 Rc4 20. Nb4 Rd4 21. Qe1 Qa8 22. b3 Rc8 23. f3 Nf6 24. Rf2 Rc5 25. Rd1 Rxd1 26. Qxd1 Rc3 27. Na2 Rc7 28. Rc2 Qa7+ 29. Kh2 Rxc2 30. Qxc2 g6 31. Nb4 Kg7 32. Qc3 Ng8 33. Bf1 f5 34. exf5 Bxf5 35. Kg2 Ne7 36. Be2 Qb7 37. Qd2 Kh7 38. Bd3 Bxd3 39. Qxd3 Qc8 40. Qe2 Qc3 41. Nxa6 Qxa5 42. Nb8 Nxd5 43. Nd7 Qc3 44. Qa2 Qe1 45. Kh2 Ne3 46. Nf6+ Kh6 47. b4 Nf1+ 48. Kg2 Nd2 49. g4 Qf1+ 50. Kh2 Qf2+ 51. Kh3 Qxf3+ 52. Kh2 Qf4+ 53. Kh1 hxg4 54. Nxg4+ Kh5 55. Nh2 Nf3 0-1

[Event "Mnster Open"]
[Site "?"]
[Date "1996.??.??"]
[Round "5"]
[White "Kortschnoj Viktor"]
[Black "Espig Lutz"]
[Result "1-0"]
[WhiteElo "2645"]
[BlackElo "2395"]
[PlyCount "77"]
[EventDate "1996.??.??"]
[Source "www.chesslib.no"]
[SourceDate "2004.05.04"]

1. d4 Nf6 2. c4 d6 3. Nc3 Nbd7 4. e4 e5 5. Nge2 Be7 6. f3 c6 7. d5 a6 8. Be3 O-O 9. Qd2 cxd5 10. cxd5 b5 11. Ng3 Nb6 12. b3 h5 13. Bd3 h4 14. Nge2 Nfd7 15. b4 Bb7 16. a4 bxa4 17. O-O a5 18. b5 Nc5 19. Bxc5 dxc5 20. Nxa4 c4 21. Bc2 Bb4 22. Qe3 Nxa4 23. Bxa4 Qd6 24. Kh1 f5 25. exf5 Qxd5 26. Rad1 Qc5 27. Qg5 Bc8 28. Bc2 Qe7 29. Qg4 Bb7 30. Qxh4 Qc5 31. f6 Rf7 32. f4 Qd4 33. Be4 Be1 34. Rd3 c3 35. Qg4 Qd6 36. Bf3 exf4 37. Bxb7 Qd7 38. Qxf4 g6 39. Re3 1-0

[Event "CRO-chT"]
[Site "Pula"]
[Date "2000.09.18"]
[Round "8"]
[White "Kozul, Zdenko"]
[Black "Rukavina, Josip"]
[Result "1-0"]
[WhiteElo "2611"]
[BlackElo "2425"]
[PlyCount "87"]
[EventDate "2000.09.??"]
[Source "www.chesslib.no"]
[SourceDate "2004.05.04"]

1. d4 d6 2. Nf3 Nf6 3. c4 c6 4. Nc3 Bf5 5. Nh4 Bc8 6. e4 g6 7. Be2 Bg7 8. O-O O-O 9. f4 e5 10. dxe5 dxe5 11. Qxd8 Rxd8 12. f5 Nbd7 13. Be3 Bf8 14. Rad1 Be7 15. g4 Rf8 16. g5 Ne8 17. Na4 Nc7 18. c5 b5 19. cxb6 axb6 20. Nxb6 Nxb6 21. Bxb6 Na6 22. Be3 Bc5 23. Rf3 Bxe3+ 24. Rxe3 Nb4 25. Bc4 Ba6 26. Rc3 Bxc4 27. Rxc4 Nxa2 28. Nf3 gxf5 29. exf5 Rfb8 30. Nxe5 Rxb2 31. Nxc6 h6 32. Ne7+ Kf8 33. f6 hxg5 34. Rc5 Rb6 35. Rxg5 Rxf6 36. Rg8+ Kxe7 37. Rxa8 Rg6+ 38. Kh1 Nb4 39. Ra7+ Kf8 40. Rf1 Rg7 41. Rb1 Nc6 42. Ra8+ Ke7 43. Rb7+ Kd6 44. Ra6 1-0